000 01068nam0a22002771 4500
001 rc\2725511
005 20250806211147.0
035 _a(NLR Aleph) 006853001
090 _a7001
_c7001
100 _a20110915d1943 u y0rusy50 ca
101 0 _arus
102 _aRU
105 _ay z |||||
200 1 _aПулеметчик Ханпаша
_fБор. Евгеньев
210 _a[Москва]
_cМол. гвардия
_d1943
215 _a44 с., вкл. 4 с. обл., без тит. л.
_d17 см.
225 1 _aГерои Отечественной войны
300 _aОчерк о Герое Совестского Союза чеченце Ханпаше Нурадилове, участнике боев с нем.-фашист. захватчиками
700 1 _aЕвгеньев
_bБ.С.
_gБорис Сергеевич
801 0 _aRU
_bNLR
_gpsbo
801 1 _aRU
_bELAR
_2rusmarc
852 _aNLR
_jИр50 Г-2/404
942 _cBOOK
945 _aРоссийская национальная библиотека
980 _aNB
980 _aBV